Kiki ni okeru Nibon shihonshugi no kōzō /
Saved in:
| Main Author: | |
|---|---|
| Other Authors: | |
| Format: | Book |
| Language: | Japanese |
| Published: |
Tōkyō :
Iwanami Shoten,
Shōwa 26 [1951]
|
| Edition: | [Kaitei] |
| Subjects: | |
| Tags: |
Add Tag
No Tags, Be the first to tag this record!
|
| LEADER | 01522cam a2200373 i 4500 | ||
|---|---|---|---|
| 001 | 007777785-9 | ||
| 005 | 20024617120653.0 | ||
| 008 | 900119s1951 ja a b 000 0 jpn | ||
| 010 | |a j 61000156 | ||
| 035 | 0 | |a ocm23337373 | |
| 040 | |a DLC |c MiU |d OCoLC |d *YNH* |d CStRLIN | ||
| 050 | 0 | 0 | |a HC462.9 |b .I55 1951 |
| 100 | 1 | |6 880-01 |a Inoue, Harumaru, |d 1908-1973. | |
| 245 | 1 | 0 | |6 880-02 |a Kiki ni okeru Nibon shihonshugi no kōzō / |c Inoue Harumaru, Usami Seijirō cho. |
| 246 | 3 | 0 | |6 880-03 |a Nibon shihonshugi no kōzō |
| 250 | |6 880-04 |a [Kaitei] | ||
| 260 | |6 880-05 |a Tōkyō : |b Iwanami Shoten, |c Shōwa 26 [1951] | ||
| 300 | |a 7, 6, 324 p. : |b diagrs., tables ; |c 22 cm. | ||
| 500 | |6 880-06 |a First ed. published in 1950 under title: Kokka dokusen shihon shugiron. | ||
| 504 | |a Bibliographical footnotes. | ||
| 651 | 0 | |a Japan |x Economic conditions. | |
| 650 | 0 | |a Trusts, Industrial |z Japan. | |
| 700 | 1 | |6 880-07 |a Usami, Seijirō, |d 1915- | |
| 740 | 0 | |6 880-08 |a Kokka dokusen shihon shugiron. | |
| 880 | 1 | |6 100-01 |a 井上晴丸, |d 1908-1973. | |
| 880 | 1 | 0 | |6 245-02 |a 危機における日本資本主義の構造 / |c 井上晴丸, 宇佐美誠次郎著. |
| 880 | 3 | 0 | |6 246-03 |a 日本資本主義の構造 |
| 880 | |6 250-04 |a [改訂] | ||
| 880 | |6 260-05 |a 東京 : |b 岩波書店, |c 昭和26 [1951] | ||
| 880 | |6 500-06 |a First ed. published in 1950 under title: 國家獨占資本主義論. | ||
| 880 | 1 | |6 700-07 |a 宇佐美誠次郎, |d 1915- | |
| 880 | 0 | |6 740-08 |a 國家獨占資本主義論. | |
| 988 | |a 20021214 | ||
| 906 | |0 DLC | ||


